| 000 | 00416nam a22001697a 4500 | ||
|---|---|---|---|
| 003 | CEME | ||
| 005 | 20210628205621.0 | ||
| 008 | 210309b xxu||||| |||| 00| 0 eng d | ||
| 040 | _c. | ||
| 082 | _a891.4393 MUH'B | ||
| 100 |
_aMuhammad Khan, Colonel _976280 |
||
| 245 | _aBasalamat ravi | ||
| 260 |
_aLAHORE _bGHALIB PUBLISHER _c1992 |
||
| 300 | _a336P | ||
| 650 |
_aURDU ADAB-FICTIONS _965572 |
||
| 942 |
_cBK _2ddc |
||
| 999 |
_c581674 _d581674 |
||